000 00288nam a2200121Ia 4500
008 191201s2014 xx 000 0 und d
100 _aGUPTA,Shashi K.
245 0 _aFinancial Services
260 _aN. delhi
_bKalyani
_c2014
300 _aMisc
650 _aB.Tech(CE)
942 _2ddc
_cBK
_01
999 _c6279
_d6279